00470 2200193 4500001002100000005001500021008004100036020001800077035001900095041000700114082000800121090001400129100002500143245002600168260001700194300002700211500001000238650002800248INLIS00000000000385720241224112813241224||||||||| | ||| |||| || |  a979-7564-53-0 0010-1224003857 aid0 a920 a920 YUL m0 adwi pratomo yulianto00aMiliter dan Kekuasaan bnarasic2005 axvi, 395 hlm. : 20 cm. aCet.1 0aIlmu Sejarah & Biografi